000 00602nam a2200241Ia 4500
003 OSt
005 20221005064506.0
006 a|||||r|||| 00| 0
007 ta
008 221004b |||||||| |||| 00| 0 tam d
024 _a46964
037 _cTextual
040 _aCRL
_cCRL
_btam
041 _2tam
_atam
082 _aMB9, 31J71
100 _aChuchairaja
_9603870
245 0 _aUngal kddigaram
260 _aMadras
_bStar Publication India
_c1957
300 _a104
_ccm.
650 _aARTS
942 _hMB9, 31J71
_cTEXL
_2cc
999 _c973118
_d973118